Normal view
MARC view
- Great Britain
Entry Geographic Name
001 - CONTROL NUMBER
- control field: 153603
003 - CONTROL NUMBER IDENTIFIER
- control field: TR-AnTOB
005 - DATE AND TIME OF LATEST TRANSACTION
- control field: 20260413144509.0
008 - FIXED-LENGTH DATA ELEMENTS
- fixed length control field: 260413n|eazannaab| |n aaa d
035 ## - SYSTEM CONTROL NUMBER
- System control number: (TR-AnTOB)
040 ## - CATALOGING SOURCE
- Original cataloging agency: TR-AnTOB
- Transcribing agency: TR-AnTOB
151 ## - HEADING--GEOGRAPHIC NAME
- Geographic name: Great Britain
- General subdivision: Emigration and immigration
- General subdivision: History
451 ## - SEE FROM TRACING--GEOGRAPHIC NAME
- Geographic name: Büyük Britanya
- General subdivision: Göç ve göçmenlik
- General subdivision: Tarih
451 ## - SEE FROM TRACING--GEOGRAPHIC NAME
- Geographic name: İngiltere
- General subdivision: Göç ve göçmenlik
- General subdivision: Tarih
688 ## - APPLICATION HISTORY NOTE
- Institution to which field applies: TR-AnTOB
- Application history note: Op 13.04.2026



